<?xml version="1.0" encoding="UTF-8"?>
<record
    xmlns:xsi="http://www.w3.org/2001/XMLSchema-instance"
    xsi:schemaLocation="http://www.loc.gov/MARC21/slim http://www.loc.gov/standards/marcxml/schema/MARC21slim.xsd"
    xmlns="http://www.loc.gov/MARC21/slim">

  <leader>00567nam a22001457a 4500</leader>
  <controlfield tag="008">090809t        xxu||||| |||| 00| 0 eng d</controlfield>
  <datafield tag="020" ind1=" " ind2=" ">
    <subfield code="a">9770185825</subfield>
  </datafield>
  <datafield tag="082" ind1=" " ind2=" ">
    <subfield code="a">150.195</subfield>
    <subfield code="b">&#x64A; &#x648; &#x646;</subfield>
  </datafield>
  <datafield tag="245" ind1=" " ind2=" ">
    <subfield code="a">&#x639;&#x644;&#x645; &#x627;&#x644;&#x646;&#x641;&#x633; &#x627;&#x644;&#x62A;&#x62D;&#x644;&#x64A;&#x644;&#x649;/</subfield>
    <subfield code="c">&#x643;&#x632; &#x62C;&#x632; &#x64A;&#x648;&#x646;&#x62C;&#x61B; &#x62A;&#x631;&#x62C;&#x645;&#x629; &#x646;&#x647;&#x627;&#x62F; &#x62E;&#x64A;&#x627;&#x637;&#x629;&#x61B; &#x627;&#x639;&#x62F;&#x627;&#x62F; &#x645;&#x62D;&#x645;&#x62F; &#x645;&#x62D;&#x645;&#x62F; &#x639;&#x646;&#x627;&#x646;&#x649;</subfield>
  </datafield>
  <datafield tag="260" ind1=" " ind2=" ">
    <subfield code="a">&#x627;&#x644;&#x642;&#x627;&#x647;&#x631;&#x629;:</subfield>
    <subfield code="b">&#x627;&#x644;&#x647;&#x64A;&#x626;&#x629; &#x627;&#x644;&#x645;&#x635;&#x631;&#x64A;&#x629; &#x627;&#x644;&#x639;&#x627;&#x645;&#x629; &#x644;&#x644;&#x643;&#x62A;&#x627;&#x628;&#x2018;</subfield>
    <subfield code="c">2003</subfield>
  </datafield>
  <datafield tag="300" ind1=" " ind2=" ">
    <subfield code="a">&#x61B;351 &#x635;</subfield>
    <subfield code="c">18 &#x633;&#x645;</subfield>
  </datafield>
  <datafield tag="490" ind1=" " ind2=" ">
    <subfield code="a">&#x633;&#x644;&#x633;&#x644;&#x629; &#x623;&#x645;&#x647;&#x627;&#x62A; &#x627;&#x644;&#x643;&#x62A;&#x628;</subfield>
  </datafield>
  <datafield tag="650" ind1=" " ind2=" ">
    <subfield code="9">8392</subfield>
    <subfield code="a">&#x627;&#x644;&#x639;&#x644;&#x627;&#x62C; &#x627;&#x644;&#x646;&#x641;&#x633;&#x649;</subfield>
  </datafield>
  <datafield tag="942" ind1=" " ind2=" ">
    <subfield code="2">ddc</subfield>
    <subfield code="c">BB</subfield>
  </datafield>
  <datafield tag="999" ind1=" " ind2=" ">
    <subfield code="c">12555</subfield>
    <subfield code="d">12555</subfield>
  </datafield>
  <datafield tag="952" ind1=" " ind2=" ">
    <subfield code="0">0</subfield>
    <subfield code="1">0</subfield>
    <subfield code="2">ddc</subfield>
    <subfield code="4">0</subfield>
    <subfield code="7">0</subfield>
    <subfield code="8">Alef-Baa</subfield>
    <subfield code="a">MAIN</subfield>
    <subfield code="b">MAIN</subfield>
    <subfield code="c">LOW</subfield>
    <subfield code="d">2009-08-09</subfield>
    <subfield code="e">purchase</subfield>
    <subfield code="l">7</subfield>
    <subfield code="m">16</subfield>
    <subfield code="o">150.195 &#x639;&#x644;&#x645;</subfield>
    <subfield code="p">000017870</subfield>
    <subfield code="r">2025-09-30 00:00:00</subfield>
    <subfield code="s">2025-05-27</subfield>
    <subfield code="y">BB</subfield>
  </datafield>
</record>
